أسرار باطن الأرض : الصخور و المعادن و الأحافير / (رقم التسجيلة. 102103)

تفاصيل مارك
000 -LEADER
fixed length control field 00897nam a22002537a 4500
005 - DATE AND TIME OF LATEST TRANSACTION
control field 20251108173347.0
008 - FIXED-LENGTH DATA ELEMENTS--GENERAL INFORMATION
fixed length control field 250721s2000 xx 000 0 ara d
020 ## - INTERNATIONAL STANDARD BOOK NUMBER
International Standard Book Number 2844095240
082 14 - DEWEY DECIMAL CLASSIFICATION NUMBER
Classification number ط/552/بيل
100 1# - MAIN ENTRY--PERSONAL NAME
Personal name بيلانت، كريس
245 10 - TITLE STATEMENT
Title أسرار باطن الأرض : الصخور و المعادن و الأحافير /
246 11 - VARYING FORM OF TITLE
Title proper/short title My best book of fosrils, rocks and minerals
264 1# - PRODUCTION, PUBLICATION, DISTRIBUTION, MANUFACTURE, AND COPYRIGHT NOTICE
Place of production, publication, distribution, manufacture بيروت :
Name of producer, publisher, distributor, manufacturer الدار العربية للعلوم،
Date of production, publication, distribution, manufacture, or copyright notice 2000.
300 ## - PHYSICAL DESCRIPTION
Extent 31ص. : مص
490 0# - SERIES STATEMENT
Series statement كتابي المفضل
650 17 - SUBJECT ADDED ENTRY--TOPICAL TERM
Topical term or geographic name as entry element الصخور
650 17 - SUBJECT ADDED ENTRY--TOPICAL TERM
Topical term or geographic name as entry element المعادن
650 17 - SUBJECT ADDED ENTRY--TOPICAL TERM
Topical term or geographic name as entry element الوقود الأحفوري
650 17 - SUBJECT ADDED ENTRY--TOPICAL TERM
Topical term or geographic name as entry element الأحجار الكريمة
653 ## - INDEX TERM--UNCONTROLLED
Uncontrolled term (سنة 14-10) ناشئون صغار
710 2# - ADDED ENTRY--CORPORATE NAME
Corporate name or jurisdiction name as entry element الدار العربية للعلوم . مركز التعريب و الترجمة
942 ## - ADDED ENTRY ELEMENTS (KOHA)
Source of classification or shelving scheme Dewey Decimal Classification
Koha item type كتب
المقتنيات
حالة السحب حالة الفقدان مصدر التصنيف حالة التلف غير قابل للإعارة المكتبة الرئيسية المكتبة الحالية موقع الرف تاريخ التزويد الرقم المتسلسل Total Checkouts رقم الإستدعاء الباركود تاريخ آخر ظهور تاريخ الفاتورة نوع المادة (كوها)
    Dewey Decimal Classification     مكتبة البشائر للأطفال مكتبة البشائر للأطفال الأطفال 12/08/2015 526977   ط/552/بيل PLD00341666 28/07/2025 12/08/2015 كتب
    Dewey Decimal Classification     مكتبة أم المؤمنين للأطفال مكتبة أم المؤمنين للأطفال الأطفال 28/07/2025 419872   ط/552/بيل 419872 28/07/2025 28/07/2025 كتب
    Dewey Decimal Classification     مكتبة مرج الحمام مكتبة مرج الحمام الأطفال 28/07/2025 1136679   ط/552/بيل 1136679 28/07/2025 28/07/2025 كتب
Implemented & Customized by: BBB with SCIT (Smart Chains for Information Technology)

Powered by Koha